000 00276nam a2200121 i 4500
001 bg
245 0 _aKonferencja naukowa :
_bsekcja elektryczna.
260 _aBiaƂystok,
_c1979.
040 _cBPK
041 _apol
942 _cKS
008 s pl f |000 0 pol
999 _c21416
_d21416
856 _uhttp://koha.tu.koszalin.pl/cgi-bin/koha/opac-detail.pl?biblionumber=21416
_yKatalog online BPK